[Event "163 Stay Safe Play From Home"]
[Site "T#646248Emanuel Laske"]
[Date "2020.05.22"]
[Round "5"]
[White "Mepe_Nika"]
[Black "Lamborghini"]
[Result "1-0"]
[WhiteElo "2311"]
[BlackElo "2199"]
[Annotator "TA"]
[PlyCount "87"]
[EventDate "2020.05.22"]
[EventType "swiss (blitz)"]

{[%evp 9,87,34,39,16,37,-27,-4,0,14,0,67,70,69,36,103,64,458,88,117,41,156,100,79,75,248,104,97,64,79,-16,-26,-21,-21,-28,-30,-26,10,10,16,-7,0,-8,-12,-20,-16,-7,17,14,16,-78,-26,-86,-88,-85,-54,-66,-45,-124,-31,-50,-42,-47,-47,-126,27,19,35,35,56,0,0,0,541,480,1898,1876,29975,29975,29981,29982]} 1. e4 c5 2. Nc3 d6 3. d4 cxd4 4. Qxd4 Bd7 5. Nf3 Nc6 6. Qe3 {[#] B23: Closed Sicilian: Lines without g3.} g6 $146 ({Predecessor:} 6... Nf6 7. Bc4 g6 8. O-O Bg7 9. Qe2 O-O 10. h3 Rc8 11. Bg5 h6 12. Bxf6 Bxf6 {0-1 (57) Bamboat,H (1232)-Vedant,N (1564) Kalyan 2019}) 7. h4 (7. Bc4 $14) 7... Bh6 8. Qd3 {The position is equal.} Bg7 9. h5 Nf6 (9... Qa5 $11) 10. h6 $1 $14 {[%cal Rh6g7]} Bf8 11. Bg5 a6 (11... Ng4 $14) 12. O-O-O e6 $2 {[%mdl 8192] [#]} (12... Ng4 $1 $14 13. Qd2 f6) 13. Kb1 $2 (13. e5 $1 $18 {[%mdl 512] and the rest is easy.} Nxe5 14. Nxe5) 13... Be7 $16 14. Qe3 (14. Qd2 $16) 14... Qc7 (14... Ng4 $14 15. Qd2 f6) 15. Bc4 (15. Qf4 $142 Nh5 16. Qd2) 15... b5 16. Bb3 b4 $2 (16... O-O $16 {might work better.}) 17. Na4 (17. Nd5 $1 $18 {[%cal Rd5c7] is the precise move to win.} exd5 18. exd5) 17... Rb8 18. Rhe1 O-O 19. e5 (19. Qf4 $16 Ne8 20. Bxe7 Nxe7 21. Qe3) 19... Nxe5 $11 20. Nxe5 dxe5 21. Qxe5 Qxe5 22. Rxe5 Bxa4 23. Bxa4 Rfd8 24. Ree1 Kf8 25. Bb3 Ng4 26. Bf4 $1 {[%cal Rf4b8]} Nxf2 27. Bxb8 {aiming for Rxd8+.} Rxd1+ 28. Rxd1 Nxd1 {[%mdl 4096] Endgame KBB-KBN} 29. Bc4 {[#]} (29. Ba7 $1 $11) 29... a5 (29... Ne3 $1 $17 {[%cal Re3c4]} 30. Bxa6 Nxg2) 30. Bc7 (30. Ba7 $11 Bg5 31. Bb6) 30... Ne3 31. Bb5 Nxg2 32. Bxa5 f5 33. c4 (33. c3 $15) 33... bxc3 ({Better is} 33... Nf4 $17 34. Bb6 Kf7) 34. Bxc3 $15 Ne3 35. a4 {[%cal Ba2a4,Ba4a5,Ba5a6][%mdl 32]} Nd5 36. Bd4 {[#]} (36. Bd2 $1 $15) 36... g5 $2 (36... Bb4 $1 $17 37. Bc4 Ke7 38. Bxd5 exd5) 37. a5 $11 {Strongly threatening a6.} Nc7 38. Bc6 {[%mdl 1024] White has compensation.} Bd6 39. Bb7 ({White should play} 39. Kc2 $14) 39... e5 40. Bb6 Nb5 $2 {[%mdl 8192]} (40... Ke7 $11) 41. a6 $18 e4 (41... Bb8 $142 42. Bc8 f4) 42. Bc6 Na7 43. Bxa7 e3 44. Bxe3 {Accuracy: White = 41%, Black = 49%.} 1-0

[Event "163 Stay Safe Play From Home"]
[Site "T#646248Emanuel Laske"]
[Date "2020.05.22"]
[Round "5"]
[White "Lazieri3"]
[Black "Hoffentlichreichts"]
[Result "0-1"]
[WhiteElo "2149"]
[BlackElo "2382"]
[Annotator "TA"]
[PlyCount "78"]
[EventDate "2020.05.22"]
[EventType "swiss (blitz)"]

{[%evp 9,78,32,26,26,27,31,41,32,26,3,1,5,23,9,45,-79,2,0,-2,-23,-19,-24,0,-13,0,-31,-28,-35,-34,-41,-23,-33,-34,-39,-29,-31,-29,-32,-21,-29,-18,-21,0,-14,-18,-13,-7,-30,-30,-34,-32,-145,-152,-733,-690,-1070,-1096,-1447,-1370,-1358,-1302,-1271,-1258,-29991,-29992,-29993,-29994,-29994,-29995,-29996,-29995]} 1. e4 c6 2. Nc3 g6 3. d4 d5 4. Be3 dxe4 5. Nxe4 Nf6 6. Nxf6+ {B15: Caro-Kann: 3 Nc3: 3...g6 and 3...dxe4 4 Nxe4 Nf6 5 Nxf6+ exf6.} exf6 7. c3 Bg7 8. Nf3 {White is slightly better.} O-O 9. Qd2 Re8 {[#]} 10. Be2 $146 ({Predecessor:} 10. O-O-O Qa5 11. b3 Na6 12. Kb2 Bf8 13. b4 Qa4 14. Qc2 Qxc2+ 15. Kxc2 Nc7 16. a4 {1-0 (55) Martinez Ramirez,E (2229)-Travesset Sagre,J (1977) Barcelona 2020}) 10... Be6 11. O-O a5 12. Bh6 {[#]} (12. c4 $14 {keeps the upper hand.}) 12... Na6 (12... Bxh6 $1 $17 13. Qxh6 Bxa2) 13. Bxg7 Kxg7 14. Bd3 Nc7 {[%cal Ba6c7,Bc7d5,Bd5f4][%mdl 32]} 15. h3 Nd5 16. Rfe1 a4 17. a3 (17. c4 $5 {[%cal Rc4d5]} Ne7 18. Re4 $11) 17... b5 18. Re2 Qd6 19. Rae1 Nf4 20. Re4 Nxd3 21. Qxd3 Bf5 22. Rxe8 Rxe8 23. Qd2 Rxe1+ 24. Qxe1 Qf4 25. Qe3 Qd6 26. Nh4 Be6 27. Nf3 Bd5 28. Nh2 h5 29. Nf3 Qd7 30. Nd2 {[#]} (30. Ne1 $15) 30... Qf5 $1 $17 31. Qe2 $2 {Now White is beyond hope.} (31. c4 $17 Bxc4 32. Nxc4 bxc4 33. Qc3) 31... Qc2 $19 32. f3 Qxb2 33. Qe3 Qc1+ 34. Kh2 Qxa3 35. Ne4 Qe7 36. Qg5 fxg5 {Black mates.} 37. Nxg5 Qxg5 38. h4 {[#]} Qd2 $1 39. Kh3 Be6+ {Accuracy: White = 54%, Black = 87%.} 0-1

[Event "163 Stay Safe Play From Home"]
[Site "T#646248Emanuel Laske"]
[Date "2020.05.22"]
[Round "5"]
[White "Weltszmerc"]
[Black "SoulofWolf"]
[Result "0-1"]
[WhiteElo "1972"]
[BlackElo "2155"]
[Annotator "RC"]
[PlyCount "98"]
[EventDate "2020.05.22"]
[EventType "swiss (blitz)"]

1. d4 {[%emt 0:00:02]} e6 {[%emt 0:00:00]} 2. c4 {[%emt 0:00:00]} d5 {[%emt 0:00:00]} 3. Nf3 {[%emt 0:00:01]} Nf6 {[%emt 0:00:00]} 4. g3 {[%emt 0:00:00]} Nbd7 {[%emt 0:00:00]} 5. Bg2 {[%emt 0:00:00]} c6 {[%emt 0:00:00]} 6. cxd5 {[%emt 0:00:00]} exd5 {[%emt 0:00:01]} 7. O-O {[%emt 0:00:00]} Bd6 {[%emt 0:00:00]} 8. b3 {[%emt 0:00:00]} O-O {[%emt 0:00:00]} 9. Bb2 {[%emt 0:00:00]} Re8 {[%emt 0:00:00]} 10. Nbd2 {[%emt 0:00:00]} a5 {[%emt 0:00:01]} 11. a4 {[%emt 0:00:01]} Qe7 {[%emt 0:00:02]} 12. e3 {[%emt 0:00:01]} Ne4 {[%emt 0:00:02]} 13. Nxe4 {[%emt 0:00:02]} dxe4 {[%emt 0:00:00]} 14. Nd2 {[%emt 0:00:01]} Nf6 {[%emt 0:00:00]} 15. Nc4 {[%emt 0:00:00]} Bc7 {[%emt 0:00:02]} 16. Qc2 {[%emt 0:00:01]} Bf5 {[%emt 0:00:04]} 17. Ba3 {[%emt 0:00:01]} Qd7 {[%emt 0:00:02]} 18. Rfd1 {[%emt 0:00:02]} Rac8 {[%emt 0:00:03]} 19. Ne5 {[%emt 0:00:02]} Qe6 {[%emt 0:00:08]} 20. Nc4 {[%emt 0:00:04]} b5 {[%emt 0:00:02]} 21. Nd2 {[%emt 0:00:04]} b4 {[%emt 0:00:01]} 22. Bb2 {[%emt 0:00:01]} g5 {[%emt 0:00:02]} 23. Rac1 {[%emt 0:00:03]} Bb8 {[%emt 0:00:02]} 24. Qc4 {[%emt 0:00:02]} Qd7 {[%emt 0:00:01]} 25. Qc5 {[%emt 0:00:02]} Bc7 {[%emt 0:00:02]} 26. Nc4 {[%emt 0:00:01]} Bd8 {[%emt 0:00:01]} 27. Nxa5 {[%emt 0:00:01]} Bg4 {[%emt 0:00:02]} 28. Rd2 {[%emt 0:00:02]} Nd5 {[%emt 0:00:01]} 29. Nxc6 {[%emt 0:00:05]} Bb6 {[%emt 0:00:01]} 30. Qc4 {[%emt 0:00:03]} Be6 {[%emt 0:00:02]} 31. Qb5 {[%emt 0:00:01]} h5 {[%emt 0:00:03]} 32. Rdc2 {[%emt 0:00:01]} h4 {[%emt 0:00:01]} 33. Ne5 {[%emt 0:00:01]} Rxc2 {[%emt 0:00:01]} 34. Rxc2 {[%emt 0:00:02]} Qxb5 {[%emt 0:00:01]} 35. axb5 {[%emt 0:00:01]} f6 {[%emt 0:00:00]} 36. Nc6 {[%emt 0:00:03]} hxg3 {[%emt 0:00:00]} 37. hxg3 {[%emt 0:00:01]} Nc3 {[%emt 0:00:01]} 38. Bxc3 {[%emt 0:00:02]} bxc3 {[%emt 0:00:00]} 39. Bxe4 {[%emt 0:00:01]} Bd5 {[%emt 0:00:00]} 40. Bxd5+ {[%emt 0:00:02]} Kg7 {[%emt 0:00:01]} 41. Rxc3 {[%emt 0:00:00]} Kg6 {[%emt 0:00:00]} 42. Rc4 {[%emt 0:00:00]} Ba5 {[%emt 0:00:01]} 43. Ne5+ {[%emt 0:00:00]} fxe5 {[%emt 0:00:01]} 44. dxe5 {[%emt 0:00:00]} Kf5 {[%emt 0:00:01]} 45. Kg2 {[%emt 0:00:00]} Kxe5 {[%emt 0:00:01]} 46. e4 {[%emt 0:00:00]} Kd6 {[%emt 0:00:00]} 47. Rc6+ {[%emt 0:00:01]} Ke5 {[%emt 0:00:01]} 48. Re6+ {[%emt 0:00:00]} Kd4 {[%emt 0:00:00]} 49. Rxe8 {[%emt 0:00:01]} Bb4 {[%emt 0:00:00]} 0-1

[Event "163 Stay Safe Play From Home"]
[Site "T#646248Emanuel Laske"]
[Date "2020.05.22"]
[Round "5"]
[White "SecantFX"]
[Black "Trotsky"]
[Result "1-0"]
[WhiteElo "1926"]
[BlackElo "1575"]
[Annotator "TA"]
[PlyCount "75"]
[EventDate "2020.05.22"]
[EventType "swiss (blitz)"]

{[%evp 9,75,-7,18,-3,11,2,26,0,12,4,18,0,0,-60,-60,-79,-33,-28,-24,-30,-40,-173,-164,-187,-180,-423,-404,-478,-400,-399,-68,-75,-86,-141,-95,-23,-22,-279,303,-360,0,-1579,-1502,-1838,-1655,-1991,-1719,-29988,-2293,-29989,-29990,-29991,-29992,-29992,-29993,-29995,-29991,-29991,-29992,-29996,-29991,-29998,-29992,-29992,-2722,-1503,-1504,-5489]} 1. g3 e6 2. Bg2 d6 3. f4 c5 4. Nf3 Nc6 {[#]} 5. e3 $146 ({Predecessor:} 5. e4 g6 6. c3 Bg7 7. d3 Nge7 8. O-O Rb8 9. Be3 O-O 10. Nbd2 Qc7 11. Rb1 b6 12. Qc2 Bb7 13. b4 Rbc8 14. b5 Nb8 15. c4 Nd7 16. Ng5 Nf6 17. Ndf3 h6 {1-0 (34) Terdues,G (1727)-Fartmann,F (1805) Germany 2018}) 5... Qc7 6. c3 {A00: Irregular Openings.} b6 7. O-O Bb7 8. Re1 {White has an edge.} Rd8 9. d4 Nf6 10. Nbd2 Be7 11. h3 (11. b3 $11) 11... O-O 12. g4 Kh8 13. g5 Nh5 14. Nh2 g6 $1 15. Bf3 ({White should play} 15. d5 $15 exd5 16. Bxd5) 15... f6 $19 16. Bxh5 gxh5 17. gxf6 $2 (17. h4) 17... Rg8+ 18. Kf2 Bxf6 19. Qxh5 {[#]} e5 $2 ({Less strong is} 19... Qg7 20. Ng4 $17) ({Black should try} 19... Nb4 $1 $19 {[%mdl 512] aiming for ...Rg2+.} 20. Ng4 (20. cxb4 Rg2+) 20... Nd3+ {[%mdl 64] Double Attack} 21. Kf1 Nxe1 22. Kxe1 Bg7) 20. Ng4 Rdf8 {[%cal Rc5d4]} 21. d5 (21. Ne4 $142 Bd8 22. d5) 21... Ne7 22. c4 exf4 23. e4 $2 {[%mdl 8192]} (23. Nxf6 $11 fxe3+ 24. Kxe3 Rxf6 25. b3 Nf5+ 26. Kd3) 23... Qd8 $4 {[%mdl 8192]} (23... Bd4+ $19 24. Ke2 Ba6) 24. Rg1 $4 {[%mdl 8192]} (24. Nxf6 $18 {is the narrow road to win.} Rxf6 25. b4 $1 {[%mdl 512]}) 24... Ng6 $2 (24... Bd4+ $19 25. Kg2 Rg7) 25. Qf5 $2 {[%mdl 8192]} (25. Nf3 $11) 25... Bd4+ {[%mdl 64] Skewer, Discovered Attack} 26. Kf1 Rxf5 27. exf5 Ne5 {...Qh4! is the strong threat.} 28. Rg2 {[#]} Nxg4 (28... Qh4 $142 $1 29. Ne4 Nxg4 30. Nf2 f3 31. hxg4 Rxg4 32. Be3 Rxg2 33. Bxd4+ Qxd4 {[%mdl 64] Double Attack} 34. Nh3 Qxc4+ 35. Ke1 Qe2#) 29. hxg4 Qh4 30. Nf3 Qh1+ 31. Ng1 f3 32. Rg3 f2 {[%mdl 64] Pin} 33. Be3 Bxe3 34. Rxe3 Rxg4 35. Kxf2 Qg2+ 36. Ke1 Re4 (36... Qxg1+ $142 37. Ke2 Qh2+ 38. Kd1 Rd4+ 39. Ke1 Qd2+ {[%mdl 64] Double Attack} 40. Kf1 Rf4+ 41. Rf3 Rxf3+ 42. Kg1 Qf2+ 43. Kh1 Rh3#) 37. Rxe4 Qxe4+ {[%mdl 64] Double Attack} 38. Ne2 {[%mdl 32768] Accuracy: White = 34%, Black = 60%. . Loss on time!?} 1-0

[Event "163 Stay Safe Play From Home"]
[Site "T#646248Emanuel Laske"]
[Date "2020.05.22"]
[Round "5"]
[White "Haxhi Baha"]
[Black "Fischer_11"]
[Result "0-1"]
[WhiteElo "1912"]
[BlackElo "2047"]
[Annotator "NA RC"]
[PlyCount "104"]
[EventDate "2020.05.22"]
[EventType "swiss (blitz)"]

1. e4 {[%emt 0:00:01]} Nf6 {[%emt 0:00:00]} 2. d3 {[%emt 0:00:02]} d5 {[%emt 0:00:01]} 3. exd5 {[%emt 0:00:00]} Nxd5 {[%emt 0:00:01]} 4. Nc3 {[%emt 0:00:00]} Nxc3 {[%emt 0:00:01]} 5. bxc3 {[%emt 0:00:00]} g6 {[%emt 0:00:00]} 6. Nf3 {[%emt 0:00:01]} Bg7 {[%emt 0:00:00]} 7. d4 {[%emt 0:00:00]} O-O {[%emt 0:00:00]} 8. Bd3 {[%emt 0:00:00]} c5 {[%emt 0:00:00]} 9. Be3 {[%emt 0:00:01]} cxd4 {[%emt 0:00:00]} 10. cxd4 {[%emt 0:00:00]} Nc6 {[%emt 0:00:00]} 11. O-O {[%emt 0:00:01]} Bg4 {[%emt 0:00:00]} 12. c3 {[%emt 0:00:01]} e6 {[%emt 0:00:02]} 13. h3 {[%emt 0:00:00]} Bxf3 {[%emt 0:00:02]} 14. Qxf3 {[%emt 0:00:00]} Rc8 {[%emt 0:00:01]} 15. Rfd1 {[%emt 0:00:02]} b6 {[%emt 0:00:01]} 16. Rac1 {[%emt 0:00:01]} Na5 {[%emt 0:00:01]} 17. c4 {[%emt 0:00:01]} Bxd4 {[%emt 0:00:06]} 18. Bxd4 {[%emt 0:00:03]} Qxd4 {[%emt 0:00:00]} 19. Bxg6 {[%emt 0:00:02]} Qg7 {[%emt 0:00:05]} 20. Bd3 {[%emt 0:00:03]} Rfd8 {[%emt 0:00:01]} 21. Qe4 {[%emt 0:00:01]} Rc5 {[%emt 0:00:07]} 22. Bb1 {[%emt 0:00:04]} Rxd1+ {[%emt 0:00:03]} 23. Rxd1 {[%emt 0:00:00]} Nc6 {[%emt 0:00:04]} 24. Rd6 {[%emt 0:00:02]} Re5 {[%emt 0:00:11]} 25. Qg4 {[%emt 0:00:10]} Re1+ {[%emt 0:00:01]} 26. Kh2 {[%emt 0:00:01]} Qxg4 {[%emt 0:00:01]} 27. hxg4 {[%emt 0:00:00]} Ne5 {[%emt 0:00:01]} 28. Rd8+ {[%emt 0:00:01]} Kg7 {[%emt 0:00:01]} 29. Be4 {[%emt 0:00:00]} Rxe4 {[%emt 0:00:01]} 30. f4 {[%emt 0:00:01]} Rxc4 {[%emt 0:00:00]} 31. Kg3 {[%emt 0:00:00]} Rc3+ {[%emt 0:00:01]} 32. Kh4 {[%emt 0:00:02]} Nc6 {[%emt 0:00:00]} 33. Rc8 {[%emt 0:00:02]} Rc2 {[%emt 0:00:00]} 34. g3 {[%emt 0:00:01]} Rxa2 {[%emt 0:00:01]} 35. g5 {[%emt 0:00:01]} b5 {[%emt 0:00:00]} 36. Rxc6 {[%emt 0:00:02]} h6 {[%emt 0:00:00]} 37. gxh6+ {[%emt 0:00:01]} Kxh6 {[%emt 0:00:00]} 38. Kg4 {[%emt 0:00:00]} Kg6 {[%emt 0:00:00]} 39. Rc7 {[%emt 0:00:01]} Kf6 {[%emt 0:00:00]} 40. Rc8 {[%emt 0:00:01]} b4 {[%emt 0:00:01]} 41. Rh8 {[%emt 0:00:01]} a5 {[%emt 0:00:00]} 42. Rh6+ {[%emt 0:00:01]} Ke7 {[%emt 0:00:00]} 43. Rh1 {[%emt 0:00:01]} b3 {[%emt 0:00:00]} 44. Rb1 {[%emt 0:00:00]} b2 {[%emt 0:00:00]} 45. f5 {[%emt 0:00:00]} a4 {[%emt 0:00:00]} 46. f6+ {[%emt 0:00:01]} Kxf6 {[%emt 0:00:00]} 47. Kf4 {[%emt 0:00:00]} Ke7 {[%emt 0:00:00]} 48. Ke3 {[%emt 0:00:01]} a3 {[%emt 0:00:00]} 49. Kd3 {[%emt 0:00:00]} Ra1 {[%emt 0:00:00]} 50. g4 {[%emt 0:00:02]} Rxb1 {[%emt 0:00:01]} 51. Kc2 {[%emt 0:00:00]} Kf6 {[%emt 0:00:00]} 52. Kb3 {[%emt 0:00:00]} Kg5 {[%emt 0:00:00] Time (Lag: Av=0.57s, max=1.1s) .} 0-1

[Event "163 Stay Safe Play From Home"]
[Site "T#646248Emanuel Laske"]
[Date "2020.05.22"]
[Round "5"]
[White "Lucknow"]
[Black "Ionutn28"]
[Result "1-0"]
[WhiteElo "1862"]
[BlackElo "1784"]
[Annotator "NA RC"]
[PlyCount "93"]
[EventDate "2020.05.22"]
[EventType "swiss (blitz)"]

1. d4 {[%emt 0:00:01]} d5 {[%emt 0:00:04]} 2. c4 {[%emt 0:00:00]} c6 {[%emt 0:00:01]} 3. Nc3 {[%emt 0:00:02]} Nf6 {[%emt 0:00:00]} 4. Nf3 {[%emt 0:00:01]} e6 {[%emt 0:00:00]} 5. e3 {[%emt 0:00:00]} Bd6 {[%emt 0:00:01]} 6. Bd3 {[%emt 0:00:00]} O-O {[%emt 0:00:00]} 7. O-O {[%emt 0:00:00]} Nbd7 {[%emt 0:00:00]} 8. Qe2 {[%emt 0:00:00]} e5 {[%emt 0:00:01]} 9. cxd5 {[%emt 0:00:02]} cxd5 {[%emt 0:00:02]} 10. dxe5 {[%emt 0:00:01]} Nxe5 {[%emt 0:00:00]} 11. Nxe5 {[%emt 0:00:02]} Bxe5 {[%emt 0:00:00]} 12. Nb5 {[%emt 0:00:04]} a6 {[%emt 0:00:02]} 13. Nd4 {[%emt 0:00:01]} Bg4 {[%emt 0:00:01]} 14. f3 {[%emt 0:00:01]} Bxd4 {[%emt 0:00:04]} 15. exd4 {[%emt 0:00:03]} Be6 {[%emt 0:00:01]} 16. Qf2 {[%emt 0:00:01]} Re8 {[%emt 0:00:01]} 17. Bf4 {[%emt 0:00:01]} Nh5 {[%emt 0:00:02]} 18. Be5 {[%emt 0:00:01]} Nf6 {[%emt 0:00:02]} 19. Rfe1 {[%emt 0:00:02]} Rc8 {[%emt 0:00:01]} 20. Rac1 {[%emt 0:00:01]} Nd7 {[%emt 0:00:01]} 21. Qg3 {[%emt 0:00:02]} Nxe5 {[%emt 0:00:01]} 22. dxe5 {[%emt 0:00:01]} g6 {[%emt 0:00:02]} 23. f4 {[%emt 0:00:02]} Qd7 {[%emt 0:00:02]} 24. Qf2 {[%emt 0:00:01]} Bf5 {[%emt 0:00:02]} 25. Bxf5 {[%emt 0:00:02]} Qxf5 {[%emt 0:00:00]} 26. b3 {[%emt 0:00:00]} b5 {[%emt 0:00:06]} 27. Red1 {[%emt 0:00:03]} Rxc1 {[%emt 0:00:01]} 28. Rxc1 {[%emt 0:00:01]} Rd8 {[%emt 0:00:01]} 29. Rd1 {[%emt 0:00:01]} d4 {[%emt 0:00:01]} 30. Qf3 {[%emt 0:00:07]} d3 {[%emt 0:00:02]} 31. Qe3 {[%emt 0:00:02]} h5 {[%emt 0:00:04]} 32. h3 {[%emt 0:00:04]} a5 {[%emt 0:00:01]} 33. Kf2 {[%emt 0:00:00]} a4 {[%emt 0:00:01]} 34. Rd2 {[%emt 0:00:00]} axb3 {[%emt 0:00:01]} 35. axb3 {[%emt 0:00:00]} b4 {[%emt 0:00:01]} 36. g3 {[%emt 0:00:01]} Qxh3 {[%emt 0:00:01]} 37. Kf3 {[%emt 0:00:00]} Qg4+ {[%emt 0:00:01]} 38. Kg2 {[%emt 0:00:01]} Qf5 {[%emt 0:00:01]} 39. Kf2 {[%emt 0:00:00]} Qh3 {[%emt 0:00:01]} 40. Qf3 {[%emt 0:00:00]} Qh2+ {[%emt 0:00:01]} 41. Ke3 {[%emt 0:00:00]} Qh3 {[%emt 0:00:02]} 42. Qf2 {[%emt 0:00:00]} Qe6 {[%emt 0:00:01]} 43. Qf3 {[%emt 0:00:00]} Qd5 {[%emt 0:00:00]} 44. Kf2 {[%emt 0:00:00]} Qxf3+ {[%emt 0:00:01]} 45. Kxf3 {[%emt 0:00:01]} Kg7 {[%emt 0:00:00]} 46. Ke3 {[%emt 0:00:00]} f6 {[%emt 0:00:00]} 47. Rxd3 {[%emt 0:00:00] Time (Lag: Av=0.63s, max=1.2s)} 1-0

[Event "163 Stay Safe Play From Home"]
[Site "T#646248Emanuel Laske"]
[Date "2020.05.22"]
[Round "5"]
[White "Emresenar"]
[Black "Aktürk"]
[Result "1-0"]
[WhiteElo "1747"]
[BlackElo "1436"]
[Annotator "NA RC"]
[PlyCount "55"]
[EventDate "2020.05.22"]
[EventType "swiss (blitz)"]

1. e4 {[%emt 0:00:02]} e6 {[%emt 0:00:00]} 2. d4 {[%emt 0:00:02]} Qf6 {[%emt 0:00:00]} 3. Nc3 {[%emt 0:00:02]} Qg6 {[%emt 0:00:00]} 4. Nf3 {[%emt 0:00:01]} Bb4 {[%emt 0:00:00]} 5. Qd3 {[%emt 0:00:07]} Bxc3+ {[%emt 0:00:00]} 6. bxc3 {[%emt 0:00:01]} h5 {[%emt 0:00:01]} 7. Bf4 {[%emt 0:00:02]} d6 {[%emt 0:00:02]} 8. Qb5+ {[%emt 0:00:03]} Bd7 {[%emt 0:00:05]} 9. Qb4 {[%emt 0:00:01]} Na6 {[%emt 0:00:02]} 10. Qxb7 {[%emt 0:00:01]} Rb8 {[%emt 0:00:08]} 11. Qxa6 {[%emt 0:00:02]} Rc8 {[%emt 0:00:02]} 12. e5 {[%emt 0:00:02]} Qe4+ {[%emt 0:00:01]} 13. Be3 {[%emt 0:00:03]} Qxc2 {[%emt 0:00:02]} 14. Bd2 {[%emt 0:00:05]} Qe4+ {[%emt 0:00:02]} 15. Be2 {[%emt 0:00:01]} Ne7 {[%emt 0:00:03]} 16. O-O {[%emt 0:00:04]} Nd5 {[%emt 0:00:01]} 17. Bd3 {[%emt 0:00:04]} Qg4 {[%emt 0:00:03]} 18. h3 {[%emt 0:00:02]} Qxf3 {[%emt 0:00:07]} 19. gxf3 {[%emt 0:00:01]} O-O {[%emt 0:00:04]} 20. c4 {[%emt 0:00:01]} Nb6 {[%emt 0:00:02]} 21. exd6 {[%emt 0:00:02]} cxd6 {[%emt 0:00:02]} 22. c5 {[%emt 0:00:01]} dxc5 {[%emt 0:00:02]} 23. dxc5 {[%emt 0:00:01]} Nd5 {[%emt 0:00:01]} 24. Qa3 {[%emt 0:00:02]} Rce8 {[%emt 0:00:03]} 25. Qc1 {[%emt 0:00:00]} g6 {[%emt 0:00:03]} 26. Qe1 {[%emt 0:00:00]} Nf4 {[%emt 0:00:02]} 27. Bxf4 {[%emt 0:00:01]} e5 {[%emt 0:00:01]} 28. Bh6 {[%emt 0:00:00] Zaman (Lag: Av=0.72s, max=1.2s)} 1-0

[Event "163 Stay Safe Play From Home"]
[Site "T#646248Emanuel Laske"]
[Date "2020.05.22"]
[Round "5"]
[White "Frido-BBB"]
[Black "Victory_gm"]
[Result "0-1"]
[WhiteElo "1672"]
[BlackElo "2017"]
[Annotator "TA"]
[PlyCount "90"]
[EventDate "2020.05.22"]
[EventType "swiss (blitz)"]

{[%evp 9,90,12,21,-62,0,-9,0,-23,-23,-3,0,-23,-8,-39,0,-14,89,78,79,71,237,158,202,177,834,133,212,123,1043,866,2262,2169,29962,29963,6444,5438,29991,29992,29992,29982,6486,834,814,802,945,929,1007,1004,1037,1036,1063,978,902,840,1050,1021,1359,1131,1084,956,1932,1775,2288,2037,1386,733,1007,972,4678,4678,5077,2671,29968,29971,29972,29964,29954,8078,5533,5802,29982,29983,5612]} 1. e4 e6 2. d4 d5 3. Nc3 Bb4 4. Bd2 Bxc3 5. Bxc3 dxe4 6. f3 {C15: French: 3 Nc3 Bb4: Unusual White 4th moves.} (6. Qg4 $11 Nf6 7. Qxg7) 6... exf3 (6... Nf6 $15) 7. Nxf3 $11 Nf6 8. Bc4 {The position is equal.} O-O {[#]} 9. Qe2 $146 ({Predecessor:} 9. O-O Nc6 10. Qd3 h6 11. Rad1 a6 12. d5 exd5 13. Bxf6 Qxf6 14. Bxd5 Nb4 15. Qc4 Nxd5 16. Qxd5 Qxb2 {0-1 (27) Jansen,B-Muris,P Hengelo 1995}) 9... b6 10. O-O-O a5 11. Rhf1 Bb7 12. a3 c6 (12... Ba6 $11) 13. Ne5 $16 {Black must now prevent Nxf7! White now steadily converts the win.} b5 14. Bd3 b4 $2 (14... Nbd7 $16 {is a better defense.}) 15. axb4 axb4 16. Bxb4 Nd5 $2 {[#]} (16... Nbd7 17. Bxf8 Kxf8 18. Nxd7+ Qxd7) 17. Ba3 $2 (17. Bxh7+ $1 $18 {[%mdl 512] and White stays clearly on top.} Kxh7 18. Qh5+ Kg8 19. Bxf8 Ra1+ {[#]} 20. Kd2 $1 {[%mdl 512]} Qa5+ 21. c3 Rxd1+ 22. Rxd1) 17... Qg5+ (17... Rxa3 $16 18. bxa3 g6) 18. Kb1 ({White should play} 18. Qd2 $18 Qd8 19. c4 Rxa3 20. bxa3) 18... Ne3 $2 {[%mdl 8192]} (18... Rxa3 $16 19. Nxf7 Rxf7 20. Qxe6 Qe7 21. Qxe7 Rxe7 22. bxa3 Nd7) 19. Bxf8 Nxf1 20. Rxf1 Kxf8 21. Rxf7+ {[%mdl 64] Double Attack} Kg8 22. Rxb7 {Threatening mate with Qf1.} h6 23. Qf3 Qf6 24. Qxf6 gxf6 25. Nd7 Nxd7 26. Rxd7 $18 {[%mdl 4096] Endgame KRB-KR} Ra5 27. Rd6 Kf7 28. Rxc6 Rg5 29. g3 Rh5 30. d5 Rxd5 31. Bc4 Rd2 32. c3 Rxh2 33. Bxe6+ Kg7 34. g4 Rg2 35. Bf5 Rg1+ 36. Ka2 h5 37. c4 Rf1 38. Rc5 hxg4 39. Bxg4 Rf4 40. Be6 Kg6 41. Bd5 Kg5 42. b3 Rd4 43. Ka3 (43. b4 $142 Rd2+ 44. Kb3 Rd3+ 45. Kc2 Ra3 46. b5 Ra2+ 47. Kc3 Ra3+ 48. Kd4) 43... f5 44. b4 {[%cal Bb3b4,Bb4b5][%mdl 32]} f4 45. b5 Kg4 {[%mdl 32768] Accuracy: White = 54%, Black = 25%. . Sensor Board Error (Ke4/e5)?} 0-1